LEADER 01016nam0-2200337---450- 001 990009211990403321 005 20100802151728.0 010 $a978-2-13-056417-1 035 $a000921199 035 $aFED01000921199 035 $a(Aleph)000921199FED01 035 $a000921199 100 $a20100726d2008----km-y0itay50------ba 101 0 $afre 102 $aFR 105 $a--------001yy 200 1 $a<>France galante$eessai historique sur une catégorie culturelle, de ses origines jusqu'à la Révolution$fAlain Viala 210 $aParis$cPresses Universitaires de France$d2008 215 $a540 p.$d21 cm 225 1 $a<>Littéraires 610 0 $aAmore nella letteratura 610 0 $aLetteratura francese$aSec. 16.-19. 676 $a840.9 700 1$aViala,$bAlain$0155676 801 0$aIT$bUNINA$gRICA$2UNIMARC 901 $aBK 912 $a990009211990403321 952 $a840.9 VIA 1$bDip.fil.mod. 14354$fFLFBC 959 $aFLFBC 996 $aFrance galante$9777431 997 $aUNINA LEADER 03296nam 22004815 450 001 9910350340603321 005 20190107102643.0 010 $a981-13-3753-5 024 7 $a10.1007/978-981-13-3753-6 035 $a(CKB)4100000007389639 035 $a(MiAaPQ)EBC5630554 035 $a(DE-He213)978-981-13-3753-6 035 $a(EXLCZ)994100000007389639 100 $a20190107d2019 u| 0 101 0 $aeng 135 $aurcnu|||||||| 181 $ctxt$2rdacontent 182 $cc$2rdamedia 183 $acr$2rdacarrier 200 10$aPlastic Mechanics of Geomaterial$b[electronic resource] /$fby Yuanxue Liu, Yingren Zheng 205 $a1st ed. 2019. 210 1$aSingapore :$cSpringer Singapore :$cImprint: Springer,$d2019. 215 $a1 online resource (258 pages) 225 1 $aSpringer Geophysics,$x2364-9119 311 $a981-13-3752-7 327 $aIntroduction -- Stress and strain and its basic equations -- The basic mechanical characteristics of the geomaterial -- The elastic model of geomaterial -- Classical Plasticity Theory -- The development of the plastic theory of geomaterial -- The static elastoplastic model for geomaterial -- Generalized plastic mechanics considering the rotation of principal axis of stress -- The dynamic constitutive model of geomaterial -- Limit analysis for geotechnical engineering. 330 $aThis book presents the basic theories of Plastic Mechanics of Geomaterial, including the static and dynamic mechanical properties, nonlinear and classical plastic theory, yield surface theory, hardening model, flow rule and loading?unloading criterion, the calculation theory of principal stress axe rotation, and limit analysis of geomaterial and the latest advances in FEM limit analysis. It also set forth the typical static and dynamic constitutive model of geomaterial in detail. Broadening our understanding of the basic mechanical properties and constitutive model for geomaterial, the book helps readers to establish and select the most appropriate constitutive model according to the specific engineering problems and geomaterial characteristics. This book is a valuable resource for designers and researchers in fields related to geotechnical engineering, and it can also be used as a textbook for graduate courses. 410 0$aSpringer Geophysics,$x2364-9119 606 $aHydraulic engineering 606 $aGeotechnical Engineering & Applied Earth Sciences$3http://scigraph.springernature.com/things/product-market-codes/G37010 606 $aGeoengineering, Foundations, Hydraulics$3http://scigraph.springernature.com/things/product-market-codes/T23020 606 $aGeophysics and Environmental Physics$3http://scigraph.springernature.com/things/product-market-codes/P32000 615 0$aHydraulic engineering. 615 14$aGeotechnical Engineering & Applied Earth Sciences. 615 24$aGeoengineering, Foundations, Hydraulics. 615 24$aGeophysics and Environmental Physics. 676 $a620.11233 700 $aLiu$b Yuanxue$4aut$4http://id.loc.gov/vocabulary/relators/aut$0933180 702 $aZheng$b Yingren$4aut$4http://id.loc.gov/vocabulary/relators/aut 906 $aBOOK 912 $a9910350340603321 996 $aPlastic Mechanics of Geomaterial$92100385 997 $aUNINA